000 00680nam a2200241Ia 4500
003 OSt
005 20220918222256.0
006 a|||||r|||| 00| 0
007 ta
008 220917b |||||||| |||| 00| 0 eng d
024 _a216,320
037 _cTextual
040 _aARTS
_cARTS
_beng
041 _2eng
_aeng
082 _aX:326,991.20j1TH, P2
100 _aBagchi Amiya Kumar
245 0 _aCapital and labour redefined
_b India and the third world
260 _aNew Delhi
_bTulika books
_c2002
300 _axxxi, 336p
_ccm.
650 _aECONOMICS
942 _hX:326,991.20j1TH, P2
_cTEXL
_2CC
999 _c275062
_d275062